Statistics for Most Common Words In English Starting With K

Click here to take the quiz!

General Stats

  • This quiz has been taken 1,173 times
  • The average score is 11 of 16

Answer Stats

Word% Correct
kill
87%
kind
83%
know
80%
kiss
79%
kid
78%
keep
76%
king
71%
kick
68%
knee
68%
killer
65%
key
63%
knife
62%
knowledge
62%
killing
58%
knock
55%
kitchen
48%

Score Distribution

Percentile by Number Answered

Percent of People with Each Score

Your Score History

You have not taken this quiz